000
00311pab a2200133 454500
008
180718b1986 xxu||||| |||| 00| 0 eng d
245
_a
Stir within Muslim intelligentsia
260
_c
1986
300
_a
28-32
362
_a
8 Mar.
650
_a
Mohammedan Law - India
773
_a
Mainstream
909
_a
13602
999
_c
13602
_d
13602